000
00335 a2200145 4500
001
167321
020
_a
040
_c
Magnum
100
_a
Silva, Jair Militao da (Org.)
240
1
0
_a
Os educadores e o cotidiano escolar
_l
por
245
1
0
_a
Os educadores e o cotidiano escolar
362
0
_a
1899
697
_a
ENSINO
942
_c
BK
999
_c
167321
_d
167321